Score 0/20 Timer 05:00
0 Plays Today
Post-Presidential Pastimes President % Correct
Designed University of VirginiaThomas Jefferson
89.9%
Retired to Mt. VernonGeorge Washington
79.9%
Took African Safari/Ran as Bull Moose CandidateTheodore Roosevelt
76.6%
Re-elected to the PresidencyGrover Cleveland
68.3%
Received Nobel Peace Prize for advancing human rightsJimmy Carter
68%
Wrote 10 books/Made 5 trips to ChinaRichard Nixon
67%
Humanitarian relief/Met with reclusive N. Korean leaderBill Clinton
64.8%
Humanitarian relief/SkydivingGeorge H.W. Bush
63%
Chief Justice of the United States Supreme CourtWilliam Howard Taft
57.7%
Wrote memoirs/Received first Medicare CardHarry S. Truman
51.2%
Post-Presidential Pastimes President % Correct
Elected to House of Representatives from MassachusettsJohn Quincy Adams
50.5%
Elected to U.S. Senate from TennesseeAndrew Johnson
32.1%
Took triumphant world tour/Dined with Queen VictoriaUlysses S. Grant
30.6%
Served on Board of Trustees of Amherst College/Chaired Railroad CommissionCalvin Coolidge
18.2%
Ran as Free Soil CandidateMartin Van Buren
17.4%
Served as fellow of the American Enterprise InstituteGerald R. Ford
17.1%
Chancellor of University of Buffalo/Ran as American Party CandidateMillard Fillmore
15.4%
Served on Board of Trustees of The Ohio State UniversityRutherford B. Hayes
14.9%
Chaired Executive Reorganization CommissionHerbert Hoover
12.2%
Chaired the Virginia Peace ConventionJohn Tyler
11.3%
Remove Ads.
Support Sporcle.
Get the best of Sporcle when you Go Orange. This ad-free experience offers more features, more stats, and more fun while also helping to support Sporcle. Thank you for becoming a member.

You're not logged in!

Compare scores with friends on all Sporcle quizzes.
OR
Log In

Sporcle TV

Today on Sporcle TV


Watch our educational content, quiz creation guides, and fun videos on Sporcle TV.

Show Comments

Extras

Top Quizzes Today


Score Distribution

Paid Content

Your Account Isn't Verified!

In order to create a playlist on Sporcle, you need to verify the email address you used during registration. Go to your Sporcle Settings to finish the process.

Report this User

Report this user for behavior that violates our Community Guidelines.

Details: